[Event "Czerniak mem Bikurei Haitim"]
[Site "Tel Aviv ISR"]
[Date "1997.??.??"]
[Round "3"]
[White "Rotstein, Arkadij"]
[Black "Tyomkin, Dimitri"]
[Result "1/2-1/2"]
[WhiteElo "2455"]
[BlackElo "2450"]
[PlyCount "48"]
[GameId "2129405173527729"]
[EventDate "1997.04.04"]
[EventType "tourn"]
[EventRounds "11"]
[EventCountry "ISR"]
[EventCategory "10"]
[SourceTitle "CBM 59"]
[Source "ChessBase"]
[SourceDate "1997.08.01"]
[SourceVersion "1"]
[SourceVersionDate "1997.08.01"]
[SourceQuality "1"]

1. e4 c5 2. f4 d6 3. Nf3 Nc6 4. Bb5 g6 5. O-O Bg7 6. Nc3 Bd7 7. Bxc6 Bxc6 8. d3 Nf6 9. Qe1 Qc7 10. e5 dxe5 11. fxe5 Ng4 12. Bf4 Bxf3 13. Rxf3 Bxe5 14. Nb5 Qb8 15. Qg3 a6 16. Nc3 Bxf4 17. Rxf4 Nf6 18. Qe3 Qd6 19. Re1 O-O 20. Rh4 b5 21. Qxe7 Qxe7 22. Rxe7 Rae8 23. Rxe8 Rxe8 24. Rf4 Kg7 1/2-1/2

[Event "Czerniak mem Bikurei Haitim"]
[Site "Tel Aviv ISR"]
[Date "1997.??.??"]
[Round "4"]
[White "Tyomkin, Dimitri"]
[Black "Zifroni, Dov"]
[Result "0-1"]
[WhiteElo "2450"]
[BlackElo "2490"]
[PlyCount "66"]
[GameId "2129405173527737"]
[EventDate "1997.04.04"]
[EventType "tourn"]
[EventRounds "11"]
[EventCountry "ISR"]
[EventCategory "10"]
[SourceTitle "CBM 59"]
[Source "ChessBase"]
[SourceDate "1997.08.01"]
[SourceVersion "1"]
[SourceVersionDate "1997.08.01"]
[SourceQuality "1"]

1. d4 d5 2. c4 dxc4 3. e3 e5 4. Bxc4 exd4 5. exd4 Nf6 6. Nf3 Be7 7. O-O O-O 8. h3 Nbd7 9. Nc3 Nb6 10. Bd3 c6 11. Re1 Be6 12. Qe2 Re8 13. Bg5 Nfd5 14. Qe4 Bxg5 15. Qxh7+ Kf8 16. Qh8+ Ke7 17. Qxg7 Bf6 18. Rxe6+ Kxe6 19. Bf5+ Kd6 20. Qg3+ Ke7 21. Ng5 Rh8 22. Nxd5+ Nxd5 23. Qa3+ Ke8 24. Re1+ Ne7 25. Ne4 Qxd4 26. Qf3 Kf8 27. Rd1 Qxb2 28. Be6 Rh6 29. g4 Qe5 30. g5 Rg6 31. Bb3 Rxg5+ 32. Nxg5 Qxg5+ 33. Kh1 Qf5 0-1

[Event "Czerniak mem Bikurei Haitim"]
[Site "Tel Aviv ISR"]
[Date "1997.??.??"]
[Round "5"]
[White "Krays, Alexander"]
[Black "Tyomkin, Dimitri"]
[Result "0-1"]
[WhiteElo "2375"]
[BlackElo "2450"]
[PlyCount "73"]
[GameId "2129405173527741"]
[EventDate "1997.04.04"]
[EventType "tourn"]
[EventRounds "11"]
[EventCountry "ISR"]
[EventCategory "10"]
[SourceTitle "CBM 59"]
[Source "ChessBase"]
[SourceDate "1997.08.01"]
[SourceVersion "1"]
[SourceVersionDate "1997.08.01"]
[SourceQuality "1"]

1. e4 c5 2. Nf3 e6 3. b3 Nf6 4. e5 Nd5 5. Bb2 Nc6 6. Bb5 Qc7 7. O-O Be7 8. Re1 O-O 9. Bxc6 Qxc6 10. d4 b5 11. a4 a6 12. axb5 axb5 13. Rxa8 Qxa8 14. c4 bxc4 15. bxc4 Nf4 16. Bc1 Ng6 17. d5 exd5 18. cxd5 Bb7 19. Nc3 Bd8 20. Re4 Qa1 21. Ne2 c4 22. Qd4 Qxd4 23. Rxd4 Bb6 24. Rd2 Ba5 25. Ra2 Ra8 26. Bd2 Bxd2 27. Rxa8+ Bxa8 28. Nxd2 Bxd5 29. f4 Kf8 30. g3 Ke7 31. Nc3 Be6 32. Kf2 d6 33. exd6+ Kxd6 34. Ke3 Kc5 35. Nde4+ Kb4 36. Kd2 Ne7 37. Na2+ 0-1

[Event "Czerniak mem Bikurei Haitim"]
[Site "Tel Aviv ISR"]
[Date "1997.??.??"]
[Round "6"]
[White "Tyomkin, Dimitri"]
[Black "David, Alberto"]
[Result "0-1"]
[WhiteElo "2450"]
[BlackElo "2455"]
[PlyCount "78"]
[GameId "2129405173527749"]
[EventDate "1997.04.04"]
[EventType "tourn"]
[EventRounds "11"]
[EventCountry "ISR"]
[EventCategory "10"]
[SourceTitle "CBM 59"]
[Source "ChessBase"]
[SourceDate "1997.08.01"]
[SourceVersion "1"]
[SourceVersionDate "1997.08.01"]
[SourceQuality "1"]

1. d4 Nf6 2. c4 g6 3. Nc3 Bg7 4. e4 d6 5. h3 O-O 6. Bg5 Qe8 7. Bd3 e5 8. d5 Nh5 9. Nge2 f5 10. exf5 gxf5 11. Qd2 e4 12. Bc2 Nd7 13. O-O-O Ne5 14. b3 Qg6 15. Kb1 Bd7 16. Be3 a6 17. g4 Nf3 18. Qc1 fxg4 19. Bxe4 Bf5 20. Bxf5 Qxf5+ 21. Qc2 g3 22. fxg3 Bxc3 23. Nxc3 Qxc2+ 24. Kxc2 Nxg3 25. Rhg1 Nxg1 26. Rxg1 Rf3 27. Ne4 Rxe3 28. Nxg3 Kh8 29. Kd2 Rae8 30. Rg2 b5 31. cxb5 axb5 32. h4 R3e5 33. Kc3 Rxd5 34. Ne2 Re3+ 35. Kc2 b4 36. Nf4 Rf5 37. Kd2 Re4 38. Nd3 Rd5 39. Kc2 Red4 0-1

[Event "Czerniak mem Bikurei Haitim"]
[Site "Tel Aviv ISR"]
[Date "1997.??.??"]
[Round "10"]
[White "Tyomkin, Dimitri"]
[Black "Kogan, Artur"]
[Result "1-0"]
[WhiteElo "2450"]
[BlackElo "2515"]
[PlyCount "116"]
[GameId "2129405173527771"]
[EventDate "1997.04.04"]
[EventType "tourn"]
[EventRounds "11"]
[EventCountry "ISR"]
[EventCategory "10"]
[SourceTitle "CBM 59"]
[Source "ChessBase"]
[SourceDate "1997.08.01"]
[SourceVersion "1"]
[SourceVersionDate "1997.08.01"]
[SourceQuality "1"]

1. d4 Nf6 2. c4 b6 3. Nc3 Bb7 4. d5 e6 5. a3 exd5 6. cxd5 Qe7 7. Bg5 h6 8. Bxf6 Qxf6 9. Nf3 Na6 10. g3 Nc5 11. Bg2 a5 12. O-O Bd6 13. Nd2 O-O 14. Qc2 Be5 15. Rac1 Rfe8 16. Rfe1 a4 17. Nde4 Qe7 18. Nxc5 Qxc5 19. e3 Qc4 20. Bf1 Qg4 21. Bg2 Ra5 22. Qd2 Qg6 23. f4 Bd6 24. e4 f6 25. Kh1 h5 26. Bf3 Qh6 27. h4 f5 28. exf5 Rf8 29. Kg2 Rxf5 30. Re8+ Rf8 31. Rxf8+ Bxf8 32. Re1 Ra8 33. Re5 g6 34. Be4 Qg7 35. Rg5 Qe7 36. Rxg6+ Bg7 37. f5 Rf8 38. Qg5 Rf6 39. Kh2 d6 40. Rxf6 Qxf6 41. Qxh5 Kf8 42. Qe2 Qd4 43. Kg2 Bh6 44. g4 Bd2 45. Nb5 Qxb2 46. Nxc7 Qc1 47. Ne6+ Kg8 48. Qb5 Qc8 49. Qxb6 Be1 50. Qxd6 Bxh4 51. Qe5 Qd7 52. Nc5 Qc8 53. Qe6+ Qxe6 54. fxe6 Ba8 55. d6 Bxe4+ 56. Nxe4 Kf8 57. g5 Be1 58. e7+ Kg7 1-0

[Event "Beer Sheva"]
[Site "Beer Sheva ISR"]
[Date "1997.02.24"]
[Round "1"]
[White "Tyomkin, Dimitri"]
[Black "Greenfeld, Alonso"]
[Result "0-1"]
[WhiteElo "2450"]
[BlackElo "2520"]
[PlyCount "94"]
[GameId "2129405173677412"]
[EventDate "1997.02.24"]
[EventType "tourn"]
[EventRounds "11"]
[EventCountry "ISR"]
[EventCategory "12"]
[SourceTitle "CBM 58"]
[Source "ChessBase"]
[SourceVersion "2"]
[SourceQuality "1"]

1. d4 Nf6 2. Nf3 e6 3. Bg5 h6 4. Bh4 d6 5. e3 g5 6. Bg3 Nh5 7. Bd3 Bg7 8. c3 Qe7 9. Nfd2 Nxg3 10. hxg3 Bd7 11. a4 Nc6 12. Qe2 f5 13. e4 O-O-O 14. Na3 h5 15. Nc2 h4 16. gxh4 Rxh4 17. Rxh4 gxh4 18. exf5 exf5 19. Qxe7 Nxe7 20. Kf1 Rh8 21. Re1 Bf6 22. Bb5 c6 23. Bc4 d5 24. Bd3 f4 25. Nf3 h3 26. gxh3 Rxh3 27. Kg2 Bg4 28. Be2 Bf5 29. Nb4 Rh8 30. Rh1 Rxh1 31. Kxh1 Ng6 32. Nd3 b6 33. Nh2 Kc7 34. Ng4 Bg7 35. f3 Kd6 36. Kg2 c5 37. dxc5+ bxc5 38. Kf2 c4 39. Ne1 Kc5 40. Bd1 d4 41. cxd4+ Bxd4+ 42. Ke2 Bxb2 43. Bc2 Ne7 44. Nf2 Kb4 45. Ne4 Nd5 46. Nd6 Bd7 47. a5 Be5 0-1

[Event "Beer Sheva"]
[Site "Beer Sheva ISR"]
[Date "1997.02.26"]
[Round "3"]
[White "Golod, Vitali"]
[Black "Tyomkin, Dimitri"]
[Result "1/2-1/2"]
[WhiteElo "2515"]
[BlackElo "2450"]
[PlyCount "110"]
[GameId "2129405173677421"]
[EventDate "1997.02.24"]
[EventType "tourn"]
[EventRounds "11"]
[EventCountry "ISR"]
[EventCategory "12"]
[SourceTitle "CBM 58"]
[Source "ChessBase"]
[SourceVersion "2"]
[SourceQuality "1"]

1. e4 c5 2. b3 d6 3. f4 Nf6 4. Bb5+ Bd7 5. Bxd7+ Qxd7 6. Qe2 Qg4 7. Qxg4 Nxg4 8. Bb2 Nc6 9. Nf3 Nf6 10. Nc3 e6 11. O-O-O a6 12. d4 cxd4 13. Nxd4 Rc8 14. Rhe1 Be7 15. e5 dxe5 16. fxe5 Nd7 17. Nxc6 Rxc6 18. Ne4 Nc5 19. Kb1 Nxe4 20. Rxe4 Rc7 21. c4 O-O 22. Red4 Rfc8 23. Bc3 b6 24. Rd7 Kf8 25. Kb2 Ke8 26. Rxc7 Rxc7 27. Rd4 h5 28. b4 b5 29. Kb3 Rd7 30. a4 Rxd4 31. Bxd4 bxa4+ 32. Kxa4 Kd7 33. Ka5 Kc6 34. Bc3 Kb7 35. b5 Bd8+ 36. Kb4 Be7+ 37. c5 axb5 38. Kxb5 Bg5 39. h3 Be3 40. c6+ Kc8 41. Bb4 Bd4 42. Bd6 g6 43. Kc4 Bb2 44. Kd3 Kd8 45. Ke4 Kc8 46. Kf3 Bc3 47. g4 hxg4+ 48. Kxg4 Bd2 49. Kf3 Bc1 50. Ke4 Bb2 51. Kd3 Ba1 52. Kc4 Bb2 53. Kc5 Ba3+ 54. Kb5 Bb2 55. Kc4 Ba1 1/2-1/2

[Event "Beer Sheva"]
[Site "Beer Sheva ISR"]
[Date "1997.03.04"]
[Round "8"]
[White "Tyomkin, Dimitri"]
[Black "Mikhalevski, Alexander"]
[Result "1/2-1/2"]
[WhiteElo "2450"]
[BlackElo "2470"]
[PlyCount "108"]
[GameId "2129405173677454"]
[EventDate "1997.02.24"]
[EventType "tourn"]
[EventRounds "11"]
[EventCountry "ISR"]
[EventCategory "12"]
[SourceTitle "CBM 58"]
[Source "ChessBase"]
[SourceVersion "2"]
[SourceQuality "1"]

1. Nf3 Nf6 2. c4 b6 3. Nc3 Bb7 4. g3 Bxf3 5. exf3 e6 6. d4 d5 7. Be3 Be7 8. Bg2 c6 9. Qb3 O-O 10. O-O Na6 11. f4 Nb4 12. a3 dxc4 13. Qxc4 b5 14. Qe2 Nbd5 15. Rfc1 Qd7 16. Rc2 a5 17. Rac1 Rfc8 18. Ne4 Nxe4 19. Bxe4 a4 20. Qd3 f5 21. Bf3 Rab8 22. Qe2 Bf6 23. Kg2 Rb6 24. Rc5 Be7 25. R5c2 Bf6 26. Rc5 h6 27. h4 Be7 28. R5c2 Bf6 29. Qd2 Rcb8 30. h5 Be7 31. Qa5 Qb7 32. Kg1 Bb4 33. axb4 Rc8 34. Rc5 Ra6 35. Qxb5 cxb5 36. Rxc8+ Kh7 37. R1c5 Rd6 38. Rf8 Rc6 39. g4 Rxc5 40. g5 Rc1+ 41. Bxc1 g6 42. hxg6+ Kxg6 43. Rf6+ Kg7 44. Rxe6 Qc8 45. Re1 Qc4 46. Kg2 Nxb4 47. Bd2 Nd3 48. Re8 b4 49. Bh5 Qc6+ 50. d5 Qxd5+ 51. Kg1 Qd6 52. Be3 hxg5 53. fxg5 f4 54. Bb6 Qxb6 1/2-1/2

[Event "Beer Sheva"]
[Site "Beer Sheva ISR"]
[Date "1997.03.06"]
[Round "10"]
[White "Tyomkin, Dimitri"]
[Black "Kantsler, Boris"]
[Result "0-1"]
[WhiteElo "2450"]
[BlackElo "2495"]
[PlyCount "76"]
[GameId "2129405173677466"]
[EventDate "1997.02.24"]
[EventType "tourn"]
[EventRounds "11"]
[EventCountry "ISR"]
[EventCategory "12"]
[SourceTitle "CBM 58"]
[Source "ChessBase"]
[SourceVersion "2"]
[SourceQuality "1"]

1. d4 d6 2. c4 e5 3. d5 Be7 4. Nc3 Bg5 5. e3 f5 6. g3 e4 7. Bg2 Nh6 8. f4 Bf6 9. Nge2 O-O 10. Rb1 c5 11. O-O Na6 12. a3 Bd7 13. Bd2 Rc8 14. Qb3 Nc7 15. h3 Rb8 16. a4 b6 17. Nb5 a6 18. Nxc7 Qxc7 19. Nc3 Rb7 20. Qc2 Kh8 21. Rf2 Ng8 22. Bf1 Be7 23. g4 fxg4 24. hxg4 Bxg4 25. Nxe4 Nh6 26. Rg2 Bf5 27. Bd3 Ng4 28. Re1 Bh4 29. Ree2 g6 30. Bc3+ Kg8 31. Nf6+ Bxf6 32. Bxf5 gxf5 33. Qxf5 Bxc3 34. Rxg4+ Bg7 35. Qh5 Qf7 36. Qh3 Kh8 37. e4 Re7 38. e5 dxe5 0-1

[Event "FSGM 1997.02"]
[Site "Budapest HUN"]
[Date "1997.??.??"]
[Round "2"]
[White "Tyomkin, Dimitri"]
[Black "Cao Sang"]
[Result "1/2-1/2"]
[WhiteElo "2450"]
[BlackElo "2465"]
[PlyCount "46"]
[GameId "2129405173741168"]
[EventDate "1997.02.??"]
[EventType "tourn"]
[EventRounds "11"]
[EventCountry "HUN"]
[EventCategory "7"]
[SourceTitle "EXP 56"]

1. d4 Nf6 2. Nf3 e6 3. Bg5 b6 4. e3 Bb7 5. Bd3 Be7 6. O-O O-O 7. Nbd2 c5 8. c3 d6 9. a4 Nc6 10. Qe2 Rb8 11. Rfd1 h6 12. Bxf6 Bxf6 13. Ba6 Qc7 14. Bxb7 Rxb7 15. Ne4 Be7 16. d5 Nd8 17. dxe6 fxe6 18. c4 Nf7 19. Qc2 Qc6 20. Rd2 a6 21. Nc3 Bf6 22. Ne4 Be7 23. Nc3 Bf6 1/2-1/2

[Event "FSGM 1997.02"]
[Site "Budapest HUN"]
[Date "1997.??.??"]
[Round "4"]
[White "Somlai, Laszlo"]
[Black "Tyomkin, Dimitri"]
[Result "1-0"]
[WhiteElo "2360"]
[BlackElo "2450"]
[PlyCount "111"]
[GameId "2129405173741179"]
[EventDate "1997.02.??"]
[EventType "tourn"]
[EventRounds "11"]
[EventCountry "HUN"]
[EventCategory "7"]
[SourceTitle "EXP 56"]

1. e4 c5 2. Nf3 d6 3. d4 cxd4 4. Nxd4 Nf6 5. f3 e5 6. Nb3 d5 7. Bg5 Be6 8. Bxf6 gxf6 9. exd5 Qxd5 10. Qxd5 Bxd5 11. Nc3 Be6 12. O-O-O Nc6 13. Ne4 Ke7 14. Nbc5 b6 15. Nxe6 fxe6 16. c3 a6 17. Rd6 Bh6+ 18. Kb1 Rhc8 19. Bc4 Nd8 20. Rhd1 Rc7 21. Bxa6 f5 22. Ng3 Be3 23. R6d3 Bc5 24. Bb5 Nf7 25. Rd7+ Rxd7 26. Rxd7+ Kf6 27. Bc4 Rd8 28. Rxd8 Nxd8 29. Kc2 Nb7 30. b4 Bg1 31. h3 Nd6 32. Bb3 Bf2 33. Ne2 e4 34. fxe4 Nxe4 35. a4 e5 36. Bd5 Nd6 37. a5 bxa5 38. bxa5 Bc5 39. a6 Nc8 40. Kd3 Bf2 41. Bb7 Na7 42. Nc1 e4+ 43. Ke2 Bb6 44. Nb3 Nb5 45. Kd2 e3+ 46. Kd3 e2 47. Kxe2 Nxc3+ 48. Kd3 Nb5 49. Kc4 Na7 50. Nd4 Ke5 51. Nb5 h5 52. h4 Nxb5 53. Kxb5 Bf2 54. Bf3 Kd6 55. Bxh5 Kc7 56. Bf3 1-0

[Event "FSGM 1997.02"]
[Site "Budapest HUN"]
[Date "1997.??.??"]
[Round "5"]
[White "Tyomkin, Dimitri"]
[Black "Habibi, Ali"]
[Result "1-0"]
[WhiteElo "2450"]
[BlackElo "2345"]
[PlyCount "63"]
[GameId "2129405173741187"]
[EventDate "1997.02.??"]
[EventType "tourn"]
[EventRounds "11"]
[EventCountry "HUN"]
[EventCategory "7"]
[SourceTitle "EXP 56"]

1. d4 d6 2. c4 e5 3. d5 f5 4. e4 Nf6 5. exf5 Bxf5 6. Nc3 Be7 7. Nge2 Na6 8. Ng3 Bg6 9. Be3 O-O 10. Bd3 Bxd3 11. Qxd3 Ng4 12. O-O Bg5 13. Bxg5 Qxg5 14. Nce4 Qh4 15. h3 Nh6 16. a3 Rf4 17. b4 Raf8 18. f3 R4f7 19. Rac1 Nb8 20. c5 Nd7 21. cxd6 cxd6 22. Qe3 Nb6 23. Rfd1 Qf4 24. Qxf4 exf4 25. Ne2 Re7 26. Kf2 Nf5 27. Nxf4 Re5 28. Ne6 Rb8 29. Rc7 Rxd5 30. Nxg7 Rf8 31. Nxf5 Rxd1 32. Nh6+ 1-0

[Event "FSGM 1997.02"]
[Site "Budapest HUN"]
[Date "1997.??.??"]
[Round "7"]
[White "Tyomkin, Dimitri"]
[Black "Vadasz, Laszlo"]
[Result "1-0"]
[WhiteElo "2450"]
[BlackElo "2365"]
[PlyCount "89"]
[GameId "2129405173741199"]
[EventDate "1997.02.??"]
[EventType "tourn"]
[EventRounds "11"]
[EventCountry "HUN"]
[EventCategory "7"]
[SourceTitle "EXP 56"]

1. d4 d6 2. c4 g6 3. Nc3 Bg7 4. e4 e5 5. d5 a5 6. Bd3 Nf6 7. Bg5 Nbd7 8. h3 c6 9. Nge2 h6 10. Be3 cxd5 11. cxd5 O-O 12. g4 Nc5 13. Bc2 Bd7 14. a3 b5 15. b4 axb4 16. axb4 Rxa1 17. Qxa1 Na4 18. Bxa4 bxa4 19. f3 Qc7 20. Kf2 Qc4 21. Rb1 Rb8 22. Qa3 Bb5 23. Nxb5 Qxb5 24. Qc3 Bf8 25. Nc1 Nd7 26. Qc6 Nc5 27. Qxb5 Rxb5 28. Na2 Nb3 29. Rb2 f5 30. Ke2 fxg4 31. fxg4 h5 32. Rc2 hxg4 33. hxg4 Nd4+ 34. Bxd4 exd4 35. Kd3 Rb7 36. Rc8 Rh7 37. Kxd4 Rh2 38. Nc3 Rb2 39. Kc4 Kf7 40. Nxa4 Rc2+ 41. Nc3 Bg7 42. Kb3 Rd2 43. Rc7+ Kf8 44. b5 Bd4 45. Rc6 1-0

[Event "FSGM 1997.02"]
[Site "Budapest HUN"]
[Date "1997.??.??"]
[Round "8"]
[White "Peter, Ambrus"]
[Black "Tyomkin, Dimitri"]
[Result "1/2-1/2"]
[WhiteElo "2455"]
[BlackElo "2450"]
[PlyCount "57"]
[GameId "2129405173741201"]
[EventDate "1997.02.??"]
[EventType "tourn"]
[EventRounds "11"]
[EventCountry "HUN"]
[EventCategory "7"]
[SourceTitle "EXP 56"]

1. d4 d5 2. c4 c6 3. Nf3 Nf6 4. Nc3 e6 5. Bg5 h6 6. Bxf6 Qxf6 7. e3 Nd7 8. Bd3 dxc4 9. Bxc4 g6 10. O-O Bg7 11. Rc1 O-O 12. b4 Qe7 13. Qb3 b6 14. Nd2 Bb7 15. Be2 e5 16. d5 cxd5 17. Nxd5 Bxd5 18. Qxd5 Nf6 19. Qb3 Rfd8 20. Rc2 Rac8 21. Rfc1 Rxc2 22. Rxc2 Bf8 23. Nf3 Qxb4 24. Qxb4 Bxb4 25. Nxe5 Bc5 26. g3 Rd5 27. Nc6 Rd7 28. Bc4 Rc7 29. Ne5 1/2-1/2

[Event "Ubeda op"]
[Site "Ubeda ESP"]
[Date "1997.??.??"]
[Round "3"]
[White "Zapata, Alonso"]
[Black "Tyomkin, Dimitri"]
[Result "1-0"]
[WhiteElo "2515"]
[BlackElo "2450"]
[PlyCount "95"]
[GameId "2129405173807539"]
[EventDate "1997.02.??"]
[EventType "swiss"]
[EventRounds "10"]
[EventCountry "ESP"]
[SourceTitle "EXP 56"]

1. e4 c5 2. Nf3 d6 3. d4 cxd4 4. Nxd4 Nf6 5. Nc3 Nc6 6. Bc4 Qb6 7. Nb3 e6 8. O-O a6 9. a4 Qc7 10. a5 Be7 11. Be2 b5 12. axb6 Qxb6 13. Be3 Qc7 14. Ra4 O-O 15. Qa1 Qb7 16. Rd1 Nd7 17. Nb5 Qb8 18. N5d4 Nxd4 19. Rdxd4 Nc5 20. Nxc5 dxc5 21. Rd1 Qb7 22. b3 a5 23. e5 Qc7 24. Bd2 Bd8 25. Bf3 Ra6 26. Bxa5 Rxa5 27. Rxd8 Rxa4 28. Rxf8+ Kxf8 29. bxa4 Ba6 30. Qc3 Ke7 31. h4 f6 32. exf6+ gxf6 33. Be4 h6 34. Bf3 Qb6 35. Qd2 f5 36. h5 e5 37. g3 Qb1+ 38. Kh2 Qb6 39. Qd5 e4 40. Bg2 Kf6 41. Bh3 Bc8 42. a5 Qxa5 43. Qd6+ Kf7 44. Qg6+ Ke7 45. Qg7+ Kd8 46. Qxh6 c4 47. Qd6+ Ke8 48. h6 1-0

[Event "Creon op"]
[Site "Creon FRA"]
[Date "1997.??.??"]
[Round "?"]
[White "Dezan, Pierre"]
[Black "Tyomkin, Dimitri"]
[Result "0-1"]
[WhiteElo "2245"]
[BlackElo "2450"]
[PlyCount "80"]
[GameId "2129405174681615"]
[EventDate "1997.??.??"]
[EventType "swiss"]
[EventRounds "9"]
[EventCountry "FRA"]
[SourceTitle "EXT 2001"]
[Source "ChessBase"]
[SourceDate "2000.11.22"]
[SourceVersion "1"]
[SourceVersionDate "2000.11.22"]
[SourceQuality "1"]

1. d4 d5 2. Nf3 c6 3. c4 e6 4. e3 Nf6 5. Nbd2 c5 6. b3 Nc6 7. Bb2 Be7 8. Bd3 O-O 9. O-O cxd4 10. exd4 b6 11. Qe2 Bb7 12. Rad1 Re8 13. Bb1 Rc8 14. Qe3 dxc4 15. bxc4 Na5 16. Ne5 Bb4 17. Rc1 Bxd2 18. Qxd2 Be4 19. Bxe4 Nxe4 20. Qf4 Nf6 21. Rc3 Qe7 22. Ba3 Qb7 23. Bb4 Nc6 24. Nxc6 Qxc6 25. Rfc1 Qa4 26. Rb3 Qxa2 27. Rbc3 Qa4 28. Rb1 a5 29. Ra3 Qc2 30. Rc1 Qb2 31. Rg3 Nh5 32. Rxg7+ Nxg7 33. Bc3 Qa3 34. Bd2 Qd3 35. Rc3 e5 36. dxe5 Qf5 37. Rg3 Qxf4 38. Bxf4 Re6 39. h4 Rxc4 40. Bg5 Kf8 0-1

[Event "Creon op"]
[Site "Creon FRA"]
[Date "1997.??.??"]
[Round "?"]
[White "Egreteau, Eric"]
[Black "Tyomkin, Dimitri"]
[Result "0-1"]
[WhiteElo "2080"]
[BlackElo "2450"]
[PlyCount "60"]
[GameId "2129405174681617"]
[EventDate "1997.??.??"]
[EventType "swiss"]
[EventRounds "9"]
[EventCountry "FRA"]
[SourceTitle "EXT 2001"]
[Source "ChessBase"]
[SourceDate "2000.11.22"]
[SourceVersion "1"]
[SourceVersionDate "2000.11.22"]
[SourceQuality "1"]

1. e4 c5 2. Nc3 Nc6 3. g3 g6 4. Bg2 Bg7 5. d3 Rb8 6. Be3 d6 7. Qd2 b5 8. Nge2 b4 9. Nd1 e5 10. h3 Be6 11. O-O Qd7 12. Kh2 Nge7 13. f4 O-O 14. fxe5 Nxe5 15. Nf4 a5 16. Bg1 a4 17. Ne3 a3 18. b3 N7c6 19. Nxe6 fxe6 20. Rxf8+ Rxf8 21. Rf1 Nd4 22. Rxf8+ Kxf8 23. Ng4 Nec6 24. Bxd4 Nxd4 25. Qf4+ Kg8 26. e5 dxe5 27. Qe4 Qe7 28. Ne3 Kf7 29. Qh4 h5 30. Be4 Bf6 0-1

[Event "Creon op"]
[Site "Creon FRA"]
[Date "1997.??.??"]
[Round "?"]
[White "Tyomkin, Dimitri"]
[Black "Ikonnikov, Vyacheslav"]
[Result "1/2-1/2"]
[WhiteElo "2450"]
[BlackElo "2540"]
[PlyCount "21"]
[GameId "2129405174681728"]
[EventDate "1997.??.??"]
[EventType "swiss"]
[EventRounds "9"]
[EventCountry "FRA"]
[SourceTitle "EXT 2001"]
[Source "ChessBase"]
[SourceDate "2000.11.22"]
[SourceVersion "1"]
[SourceVersionDate "2000.11.22"]
[SourceQuality "1"]

1. Nf3 Nf6 2. g3 d5 3. Bg2 c6 4. O-O Bf5 5. d3 e6 6. b3 h6 7. Bb2 Nbd7 8. Nbd2 Nh7 9. c4 Be7 10. Qc2 O-O 11. Rfe1 1/2-1/2

[Event "ISR-Tch"]
[Site "ISR"]
[Date "1997.03.01"]
[Round "5"]
[White "Tyomkin, Dimitri"]
[Black "Lev, Ronen"]
[Result "1/2-1/2"]
[WhiteElo "2450"]
[BlackElo "2460"]
[PlyCount "96"]
[GameId "2129405175604422"]
[EventDate "1997.??.??"]
[EventType "team"]
[EventRounds "7"]
[EventCountry "ISR"]
[SourceTitle "CBM 59"]
[Source "ChessBase"]
[SourceDate "1997.08.01"]
[SourceVersion "1"]
[SourceVersionDate "1997.08.01"]
[SourceQuality "1"]

1. d4 g6 2. c4 Bg7 3. e4 d6 4. Nc3 e5 5. d5 f5 6. g3 Nf6 7. Bg2 O-O 8. exf5 gxf5 9. Nge2 a5 10. O-O Na6 11. h3 Nc5 12. Be3 Bd7 13. f4 e4 14. Nd4 h5 15. Qe2 Rf7 16. Rad1 Bh6 17. Nc6 bxc6 18. dxc6 Bxc6 19. Bxc5 Rg7 20. Kh2 h4 21. gxh4 Be8 22. Qf2 Nh5 23. Ne2 Rg6 24. Rg1 Kh7 25. Be3 Qf6 26. b3 Bf7 27. Bh1 Rxg1 28. Rxg1 Qb2 29. a4 c5 30. Rd1 Ra6 31. Bg2 Qxb3 32. Rd2 Bxc4 33. Ng3 Nxg3 34. Rb2 Qc3 35. Rb7+ Bg7 36. Qxg3 Qf6 37. h5 Be2 38. Bd2 d5 39. Qe3 Bxh5 40. Qxc5 d4 41. Bxe4 fxe4 42. Qxh5+ Qh6 43. Qf5+ Qg6 44. Rxg7+ Kxg7 45. Qd7+ Qf7 46. Qxd4+ Kg8 47. Qxe4 Re6 48. Qc4 Re8 1/2-1/2

[Event "ISR-Tch"]
[Site "ISR"]
[Date "1997.04.12"]
[Round "9"]
[White "Tyomkin, Dimitri"]
[Black "Kantsler, Boris"]
[Result "0-1"]
[WhiteElo "2450"]
[BlackElo "2495"]
[PlyCount "66"]
[GameId "2129405175604450"]
[EventDate "1997.??.??"]
[EventType "team"]
[EventRounds "7"]
[EventCountry "ISR"]
[SourceTitle "CBM 58"]
[Source "ChessBase"]
[SourceVersion "2"]
[SourceQuality "1"]

1. d4 d6 2. c4 g6 3. Nc3 Bg7 4. e4 e5 5. d5 Nd7 6. Bd3 Ne7 7. h4 Nf6 8. f3 Nh5 9. Nge2 f5 10. Be3 O-O 11. Qd2 c5 12. O-O-O Bd7 13. exf5 gxf5 14. g4 fxg4 15. fxg4 Bxg4 16. Rdg1 Bf5 17. Bh6 Bxd3 18. Bxg7 Nxg7 19. Qxd3 Kh8 20. Ne4 Qd7 21. h5 Ngf5 22. h6 Ng6 23. Ng5 b5 24. Ne6 bxc4 25. Qe4 Rf7 26. Rg5 Nfe7 27. Nc3 Rb8 28. Qxc4 Qb7 29. b3 Qb4 30. Ne4 Qa3+ 31. Kb1 Rb4 32. Qd3 Rxe4 33. Rxg6 Rf2 0-1

[Event "Montpellier op-A"]
[Site "Montpellier FRA"]
[Date "1997.??.??"]
[Round "?"]
[White "Guigonis, Dominique"]
[Black "Tyomkin, Dimitri"]
[Result "1/2-1/2"]
[WhiteElo "2270"]
[BlackElo "2390"]
[PlyCount "86"]
[GameId "2129405176053644"]
[EventDate "1997.??.??"]
[EventType "swiss"]
[EventRounds "9"]
[EventCountry "FRA"]
[SourceTitle "EXT 2003"]
[Source "ChessBase"]
[SourceDate "2002.11.25"]
[SourceVersion "1"]
[SourceVersionDate "2002.11.25"]
[SourceQuality "1"]

1. d4 d5 2. Nc3 Bf5 3. g3 Nf6 4. Bg5 e6 5. Bg2 c6 6. Nf3 h6 7. Bxf6 Qxf6 8. O-O Bb4 9. Ne5 O-O 10. e4 dxe4 11. Nxe4 Qe7 12. c3 Bd6 13. Nxd6 Qxd6 14. Nc4 Qc7 15. Ne3 Bg6 16. f4 Nd7 17. f5 exf5 18. Nxf5 Rae8 19. Qg4 Kh7 20. Rf2 Nf6 21. Qd1 Re6 22. Nh4 Bh5 23. Qd3+ Kg8 24. Bh3 Bg4 25. Bg2 Rfe8 26. Nf3 Ne4 27. Rff1 Qb6 28. b4 Nf6 29. Rae1 Qd8 30. Rxe6 Rxe6 31. b5 cxb5 32. Qxb5 Nd5 33. Qxb7 Nxc3 34. Qxa7 Re2 35. Ne5 Be6 36. Qc5 Rc2 37. Nc6 Qd7 38. Kh1 g6 39. d5 Bxd5 40. Ne7+ Qxe7 41. Qxe7 Bxg2+ 42. Kg1 Bxf1 43. Kxf1 Rxa2 1/2-1/2

[Event "Toulouse op"]
[Site "Toulouse FRA"]
[Date "1997.??.??"]
[Round "1"]
[White "Tyomkin, Dimitri"]
[Black "Sintes, Marc"]
[Result "1-0"]
[WhiteElo "2450"]
[BlackElo "2065"]
[PlyCount "51"]
[GameId "2129405177552563"]
[EventDate "1997.??.??"]
[EventType "swiss"]
[EventRounds "7"]
[EventCountry "FRA"]
[SourceTitle "EXT 2004"]
[Source "ChessBase"]
[SourceDate "2003.11.25"]
[SourceVersion "1"]
[SourceVersionDate "2003.11.25"]
[SourceQuality "1"]

1. d4 Nf6 2. c4 g6 3. Nc3 Bg7 4. e4 d6 5. h3 Nbd7 6. Bd3 O-O 7. Bg5 c5 8. d5 a6 9. a4 Rb8 10. Nf3 Ne8 11. O-O Ne5 12. Nxe5 Bxe5 13. Kh1 f5 14. f4 Bg7 15. Qe2 fxe4 16. Nxe4 Nf6 17. Ng3 Qe8 18. f5 b5 19. axb5 axb5 20. cxb5 Bd7 21. Ra7 gxf5 22. Nxf5 Bxf5 23. Rxf5 Nh5 24. Rxf8+ Bxf8 25. Qe6+ Qf7 26. Bxh7+ 1-0